Bytový dom

Salvato in:
Dettagli Bibliografici
Autore principale: Slovík, Filip (Autore)
Altri autori: Paulovičová, Lucia (Relatore della tesi)
Natura: Manoscritto Libro
Lingua:slovacco
Pubblicazione: 2024
Soggetti:
Accesso online:http://is.stuba.sk/zp/portal_zp.pl?podrobnosti=168621
https://opac.crzp.sk/?fn=detailBiblioForm&sid=E866CA411CD4E51497BE8269BB2C
Tags: Aggiungi Tag
Nessun Tag, puoi essere il primo ad aggiungerne!!

MARC

LEADER 00000ntm a22000003a 4500
001 stuzp99077
003 SK-STU
005 20240917142003.1
007 ta
008 150427s2015----xo-----f-mn---000-0-slo-d
040 |a STU  |b slo 
041 0 |a slo 
100 1 |a Slovík, Filip  |u 010270  |4 aut  |U SvF Stavebná fakulta  |T SvF Katedra technológie stavieb  |X 115899  |U V270  |Y 28  |7 115899 
242 0 1 |a Apartment House  |y eng 
245 1 0 |a Bytový dom 
260 |c 2024 
650 4 |a bytový dom  |2 slo 
650 4 |a plochá strecha  |2 slo 
650 4 |a projekt organizácie výstavby  |2 slo 
650 4 |a apartment house  |2 eng 
650 4 |a construction organization project  |2 eng 
650 4 |a flat roof  |2 eng 
700 1 |a Paulovičová, Lucia  |u 010270  |k Z8  |4 ths  |U SvF Stavebná fakulta  |T SvF Katedra technológie stavieb  |X 52129  |U V270  |Y 28  |7 A000052129 
856 4 |u http://is.stuba.sk/zp/portal_zp.pl?podrobnosti=168621 
856 4 |u https://opac.crzp.sk/?fn=detailBiblioForm&sid=E866CA411CD4E51497BE8269BB2C